| 000 | 00325nam a22001337a 4500 | ||
|---|---|---|---|
| 020 | _a9788122432237 | ||
| 082 |
_a664 _bSRI/NU |
||
| 100 |
_aSrilakshmi,B. _9294 |
||
| 245 | _aNutrition Science | ||
| 250 | _a4th rev | ||
| 260 |
_aNew Delhi _bNew Age International (P) Limited, Publishers _c2012 |
||
| 300 | _a490p | ||
| 942 | _cBK | ||
| 999 |
_c13883 _d13883 |
||